Pulping characteristics of pinus kesiya and eucalyptus grandis from Zambia

Bibliographic Details
Main Author: PALMER
Other Authors: Gibbs
Format: Book
Published: London : Tropical Products Institute , 1977
Series:Tropical Products Institute; L47
Subjects:

MARC

LEADER 00000cam a2200000 7i4500
001 0000002833
005 20040120.0
020 0 0 |a 085954074X 
090 0 0 |a 676.12   |b PAL 1977 
100 1 0 |a PALMER   |h E. R. 
245 1 0 |a Pulping characteristics of pinus kesiya and eucalyptus grandis from Zambia   |c E. R. Palmer and J. A. Gibbs 
260 0 0 |a London :   |b Tropical Products Institute ,   |c 1977 
300 |a iv, 23 p. ;   |c 30 cm. 
440 0 0 |a Tropical Products Institute; L47 
650 0 0 |a Wood-pulp 
700 0 1 |a Gibbs   |h J. A. 
998 |a JPSM 
999 |a 0000004477   |b Monograph   |c Open Shelf   |e Default branch